Library Banner

An intoduction to object-oriented programming (Record no. 13291)

MARC details
000 -LEADER
fixed length control field 00463nam a2200181Ia 4500
001 - CONTROL NUMBER
control field 12528
008 - FIXED-LENGTH DATA ELEMENTS--GENERAL INFORMATION
fixed length control field 140401s9999 xx 000 0 und d
020 ## - INTERNATIONAL STANDARD BOOK NUMBER
International Standard Book Number 0-201-54709-0
040 ## - CATALOGING SOURCE
Transcribing agency PK-LaUMT
082 ## - DEWEY DECIMAL CLASSIFICATION NUMBER
Classification number 005.1
Item number BUD-I
100 ## - MAIN ENTRY--PERSONAL NAME
Personal name Budd, Timothy
245 #3 - TITLE STATEMENT
Title An intoduction to object-oriented programming
Statement of responsibility, etc Budd, Timothy
260 ## - PUBLICATION, DISTRIBUTION, ETC. (IMPRINT)
Date of publication, distribution, etc 1991
300 ## - PHYSICAL DESCRIPTION
Extent 399 p.
546 ## - LANGUAGE NOTE
Language note EN
650 ## - SUBJECT ADDED ENTRY--TOPICAL TERM
Topical term or geographic name as entry element Object-oriented programming (computer science)
942 ## - ADDED ENTRY ELEMENTS (KOHA)
Koha item type Books
Holdings
Withdrawn status Lost status Source of classification or shelving scheme Damaged status Not for loan Home library Current library Date acquired Total Checkouts Full call number Barcode Date last seen Price effective from Koha item type
    Dewey Decimal Classification     UMT Main Campus UMT Main Campus 2014-06-05   CS_ARC 005.1 BUD-I 7268 2014-06-05 2014-06-05 Books